书目信息 |
| 题名: |
儒家雅品
|
|
| 作者: | 谭汉生 , 刘韶军 著 | |
| 分册: | ||
| 出版信息: | 武汉 长江文艺出版社 1997.10 |
|
| 页数: | 318页 | |
| 开本: | 32开 | |
| 丛书名: | ||
| 单 册: | ||
| 中图分类: | B222-49 | |
| 科图分类: | ||
| 主题词: | 先秦哲学 | |
| 电子资源: | ||
| ISBN: | 7-5354-1472-9 | |
| 000 | 00572nam0 2200205 45 | |
| 001 | 0009051558 | |
| 005 | 20000905155126.1 | |
| 010 | @a7-5354-1472-9@d13.00元 | |
| 100 | @a20000905d1997 km y0chiy0120 ea | |
| 101 | 0 | @achi |
| 105 | @a z 000yy | |
| 200 | 1 | @a儒家雅品@ARu Jia Ya Pin@f谭汉生,刘韶军著@FTan Han Sheng,Liu Shao Jun Zhu |
| 210 | @a武汉@c长江文艺出版社@d1997.10 | |
| 215 | @a318页@d32开 | |
| 606 | 0 | @a先秦哲学 |
| 690 | @aB222-49@v3 | |
| 701 | 0 | @a谭汉生@4著 |
| 701 | 0 | @a刘韶军@4著 |
| 801 | @aCN@bPftUser@c20000905 | |
| 905 | @b120411-415@dB222-49@eT784@f5 | |
| 儒家雅品/谭汉生,刘韶军著.-武汉:长江文艺出版社,1997.10 |
| 318页;32开 |
| ISBN 7-5354-1472-9:13.00元 |
| ● |
| 相关链接 |
|
|
|
正题名:儒家雅品
索取号:B222-49/T784
 
预约/预借
| 序号 | 登录号 | 条形码 | 馆藏地/架位号 | 状态 | 备注 |
| 1 | 120411 | 201204115 | 社科库509/509社科库 10排1列4层/ [索取号:B222-49/T784] | 在馆 | |
| 2 | 120412 | 201204124 | 社科库509/509社科库 10排1列4层/ [索取号:B222-49/T784] | 在馆 | |
| 3 | 120413 | 201204133 | 社科库509/509社科库 10排1列4层/ [索取号:B222-49/T784] | 在馆 | |
| 4 | 120414 | 201204142 | 社科库509/509社科库 10排1列4层/ [索取号:B222-49/T784] | 在馆 | |
| 5 | 120415 | 201204151 | 社科库509/509社科库 10排1列4层/ [索取号:B222-49/T784] | 在馆 |